000 00971nam a2200349 a 4500
003 AR-BaBNM
005 20251128203739.0
008 082120s2002 ||||||||||||||000 | spa||
020 _a84-7100-253-1
040 _cAR-BaBNM
100 1 _aGarrido Domínguez, Antonio
245 0 0 _aLos orígenes del español de América
250 _a1ª ed.
260 _aMadrid
_bMapfre
_c1992
300 _a290 p.
_bmapas, tablas
490 0 _aIdioma e Iberoamérica
_vv. 7
500 _aApéndice para consultar p. 279-290
650 4 _aLENGUAS
650 4 _aLENGUAS ROMANCES
650 4 _aLENGUAS INDOEUROPEAS
650 4 _aDEMOGRAFIA HISTORICA
650 4 _aHISTORIA SOCIAL
650 4 _aPERIODO HISPANICO
650 4 _aINVESTIGACION LINGÜISTICA
650 4 _aFILOLOGIA
651 4 _aEspaña
651 4 _aAmérica Latina
800 1 _aGallego, José Andrés
_ecoordinador
800 1 _aGarrido, Miguel Angel
_edirector
942 _cBK
998 _cmariana
999 _c4769
_d4769